000 00585cam a22002052 4500
001 0000019656
005 20151217155902.0
008 110117s xx 000 0 eng d
020 _a9966495134 :
040 _aKABU
_cKABU
100 1 _aWaihiga, Gichohi.
_@0000179533
245 1 0 _aSarufi Fafanuzi ya Kiswahili /
_cGichohi Waihiga.
250 _a1st ed.
260 _aKenya :
_bLonghorn,
_c1999.
300 _axiv, 241p.
650 0 _aSwahil language
_xGrammar.
_@0000179534
852 1 _9p540
908 _a110117
950 _@1
999 _c13710
_d13710